[Event "Niederbayernliga 1314"]
[Site "Bayern"]
[Date "2013.??.??"]
[Round "4"]
[White "Denk, Tobias"]
[Black "Kreuzer, Klaus"]
[Result "0-1"]
[WhiteElo "1766"]
[BlackElo "1992"]
[PlyCount "74"]
[EventDate "2013.10.13"]
[EventType "team-tourn"]
[EventRounds "9"]
[EventCountry "GER"]
[SourceTitle "EXT 2023"]
[Source "ChessBase"]
[SourceDate "2022.10.05"]
[SourceVersion "1"]
[SourceVersionDate "2022.10.05"]
[SourceQuality "1"]
[WhiteTeam "Ergolding"]
[BlackTeam "Bayerwald Regen/Zwiesel"]
[WhiteTeamCountry "GER"]
[BlackTeamCountry "GER"]

1. c4 g6 2. Nf3 Bg7 3. g3 d6 4. d4 Nf6 5. Bg2 0-0 6. 0-0 Nbd7 7. Nc3 e5 8. e4 c6 9. d5 cxd5 10. cxd5 Nc5 11. Nd2 Bg4 12. f3 Bd7 13. Nb3 b6 14. Be3 Nh5 15. Nxc5 bxc5 16. Qd2 f5 17. exf5 gxf5 18. Bh6 Rf7 19. g4 Nf4 20. Bxf4 exf4 21. Qxf4 Qb6 22. Qd2 Rb8 23. Rab1 fxg4 24. fxg4 Rxf1+ 25. Bxf1 Qb4 26. Bd3 Qxg4+ 27. Kh1 Qf3+ 28. Qg2 Qxd3 29. Rg1 Qd4 30. Ne4 Rxb2 31. Qf3 Qe5 32. Ng3 Rd2 33. Rf1 Qxd5 34. Ne4 Rd4 35. Nf6+ Bxf6 36. Qxd5+ Rxd5 37. Rxf6 Rd2 0-1

[Event "Niederbayernliga 1213"]
[Site "Bayern"]
[Date "2013.??.??"]
[Round "9"]
[White "Ruess, Hans Ulrich"]
[Black "Kreuzer, Klaus"]
[Result "0-1"]
[WhiteElo "1485"]
[BlackElo "1992"]
[PlyCount "70"]
[EventDate "2012.10.14"]
[EventType "team-tourn"]
[EventRounds "9"]
[EventCountry "GER"]
[SourceTitle "EXT 2023"]
[Source "ChessBase"]
[SourceDate "2022.10.05"]
[SourceVersion "1"]
[SourceVersionDate "2022.10.05"]
[SourceQuality "1"]
[WhiteTeam "Rottal III"]
[BlackTeam "Regen/Viechtach"]
[WhiteTeamCountry "GER"]
[BlackTeamCountry "GER"]

1. d4 g6 2. c4 Bg7 3. Nc3 d6 4. e4 Nc6 5. Nf3 Bg4 6. Be2 Bxf3 7. Bxf3 Nxd4 8. Be3 Nxf3+ 9. Qxf3 c6 10. 0-0 Nf6 11. Rfd1 Qc7 12. c5 dxc5 13. Bxc5 0-0 14. Rd3 Nd7 15. Bd4 Ne5 16. Bxe5 Bxe5 17. g3 Rad8 18. Rad1 Rd6 19. Qg4 Rxd3 20. Rxd3 Rd8 21. Qd1 Rxd3 22. Qxd3 Qd6 23. Qc2 Qc5 24. Kg2 b5 25. Qd2 Qd4 26. Qxd4 Bxd4 27. f4 Bxc3 28. bxc3 f5 29. exf5 gxf5 30. Kf3 Kf7 31. Ke3 c5 32. a3 Ke6 33. Kd3 Kd5 34. h3 h5 35. a4 c4+ 0-1

[Event "Bayern-ch 83th"]
[Site "Bayerisch Eisenstein"]
[Date "2012.08.25"]
[Round "8"]
[White "Kreuzer, Klaus"]
[Black "Shashkin, Igor"]
[Result "1-0"]
[WhiteElo "1986"]
[BlackElo "2105"]
[PlyCount "61"]
[EventDate "2012.08.18"]
[EventType "swiss"]
[EventRounds "9"]
[EventCountry "GER"]
[SourceTitle "EXT 2013"]
[Source "ChessBase"]
[SourceDate "2012.11.22"]
[SourceVersion "1"]
[SourceVersionDate "2012.11.22"]
[SourceQuality "1"]

1. d4 Nf6 2. Nf3 g6 3. c4 Bg7 4. Nc3 0-0 5. Bf4 d6 6. e3 Nbd7 7. Be2 a6 8. h3 b6 9. 0-0 Bb7 10. Bh2 Re8 11. Rc1 h6 12. Re1 e6 13. Bf1 Nh7 14. b4 e5 15. Be2 Ng5 16. Nxg5 Qxg5 17. Bf3 Bxf3 18. Qxf3 exd4 19. exd4 Bxd4 20. Bf4 Qh4 21. Nd5 Be5 22. g3 Qd8 23. Bxh6 Nf6 24. Rxe5 Rxe5 25. Nxf6+ Kh8 26. Ng4 Rf5 27. Qc3+ f6 28. Bf4 Kg7 29. h4 Qh8 30. Re1 Kf7 31. Nh6+ 1-0

[Event "Niederbayernliga 1112"]
[Site "Bayern"]
[Date "2012.??.??"]
[Round "5"]
[White "Kreuzer, Klaus"]
[Black "Huwa, Walter"]
[Result "1/2-1/2"]
[WhiteElo "1957"]
[BlackElo "2082"]
[PlyCount "26"]
[EventDate "2011.10.??"]
[EventType "team-tourn"]
[EventRounds "9"]
[EventCountry "GER"]
[SourceTitle "EXT 2023"]
[Source "ChessBase"]
[SourceDate "2022.10.05"]
[SourceVersion "1"]
[SourceVersionDate "2022.10.05"]
[SourceQuality "1"]
[WhiteTeam "Ergolding"]
[BlackTeam "Straubing SC"]
[WhiteTeamCountry "GER"]
[BlackTeamCountry "GER"]

1. d4 Nf6 2. Nf3 g6 3. c4 Bg7 4. Nc3 d6 5. Bf4 0-0 6. e3 Nbd7 7. Be2 c6 8. h3 a6 9. 0-0 b5 10. a3 Bb7 11. e4 bxc4 12. Bxc4 d5 13. exd5 cxd5 1/2-1/2

[Event "Niederbayernliga 1112"]
[Site "Bayern"]
[Date "2011.??.??"]
[Round "2"]
[White "Gruber, Roland"]
[Black "Kreuzer, Klaus"]
[Result "1-0"]
[WhiteElo "1896"]
[BlackElo "1957"]
[PlyCount "51"]
[EventDate "2011.10.??"]
[EventType "team-tourn"]
[EventRounds "9"]
[EventCountry "GER"]
[SourceTitle "EXT 2023"]
[Source "ChessBase"]
[SourceDate "2022.10.05"]
[SourceVersion "1"]
[SourceVersionDate "2022.10.05"]
[SourceQuality "1"]
[WhiteTeam "Schaibing"]
[BlackTeam "Ergolding"]
[WhiteTeamCountry "GER"]
[BlackTeamCountry "GER"]

1. d4 Nf6 2. Nf3 g6 3. Nc3 Bg7 4. e4 d6 5. Bg5 c6 6. Qd2 h6 7. Bh4 b5 8. a3 g5 9. Bg3 Nh5 10. Be2 a6 11. 0-0-0 Qb6 12. Rhe1 Bb7 13. e5 Nxg3 14. fxg3 d5 15. e6 f6 16. Qd3 Kd8 17. Qg6 Bf8 18. Nd2 Qxd4 19. Nde4 Qe5 20. Bh5 Kc7 21. Nc5 Qd6 22. N3e4 Qd8 23. Qf7 f5 24. Nf6 a5 25. Ne8+ Kb6 26. Qxf5 1-0

[Event "Niederbayernliga 0607"]
[Site "Germany"]
[Date "2007.??.??"]
[Round "6.1"]
[White "Kaisersberger, Christian"]
[Black "Kreuzer, Klaus"]
[Result "1/2-1/2"]
[WhiteElo "1931"]
[BlackElo "1989"]
[PlyCount "23"]
[EventDate "2006.??.??"]
[EventType "team"]
[EventRounds "9"]
[EventCountry "GER"]
[SourceTitle "EXT 2008"]
[Source "ChessBase"]
[SourceDate "2007.11.25"]
[SourceVersion "1"]
[SourceVersionDate "2007.11.25"]
[SourceQuality "1"]
[WhiteTeam "Kauflanden"]
[BlackTeam "Ergolding"]
[WhiteTeamCountry "GER"]
[BlackTeamCountry "GER"]

1. e4 c5 2. Nf3 e6 3. d4 cxd4 4. Nxd4 a6 5. Nc3 Qc7 6. a3 Nf6 7. Be3 b5 8. f3 Bb7 9. Be2 d6 10. Qd2 Nbd7 11. 0-0 Be7 12. Rad1 1/2-1/2

[Event "Niederbayern-ch MK 47th"]
[Site "Aidenbach"]
[Date "2006.??.??"]
[Round "7"]
[White "Kreuzer, Klaus"]
[Black "Holzer, Richard"]
[Result "1/2-1/2"]
[WhiteElo "2016"]
[BlackElo "2169"]
[PlyCount "160"]
[EventDate "2006.04.18"]
[EventType "swiss"]
[EventRounds "9"]
[EventCountry "GER"]
[SourceTitle "EXT 2023"]
[Source "ChessBase"]
[SourceDate "2022.10.05"]
[SourceVersion "1"]
[SourceVersionDate "2022.10.05"]
[SourceQuality "1"]

1. d4 Nf6 2. c4 c5 3. d5 b5 4. cxb5 a6 5. bxa6 Bxa6 6. Nc3 g6 7. e4 Bxf1 8. Kxf1 d6 9. Nf3 Bg7 10. h3 0-0 11. Kg1 Na6 12. Kh2 Qc7 13. Re1 Rfb8 14. Re2 Nd7 15. Qe1 Nb4 16. Rd2 c4 17. Qe2 Nd3 18. Rc2 Rb4 19. Nd1 Qb7 20. Bd2 Rba4 21. Bc3 N7e5 22. Nxe5 Nxe5 23. Ne3 Qb5 24. b3 R4a7 25. Nxc4 Nxc4 26. bxc4 Qc5 27. Bxg7 Kxg7 28. Rb1 Qd4 29. Rb3 Rc7 30. Rbc3 Rxa2 31. Rxa2 Qxc3 32. Rc2 Qd4 33. g3 Rb7 34. Rd2 Qa1 35. Rd1 Rb2 36. Rd2 Rb1 37. Qf3 Rc1 38. g4 Rxc4 39. Re2 Qd1 40. Kg3 Qd4 41. Re3 Rc1 42. Kh2 Qe5+ 43. Qg3 Qa1 44. Qf3 Rc2 45. Kg2 Rc4 46. Kh2 Qf1 47. Qe2 Qc1 48. Qf3 Rb4 49. Rc3 Qe1 50. Re3 Qf1 51. Qe2 Qc1 52. Qe1 Qc4 53. Qe2 Qd4 54. Qf3 e6 55. dxe6 Qe5+ 56. Qg3 Qxe6 57. Qf3 Rb2 58. Kg2 Rd2 59. Rd3 Rxd3 60. Qxd3 Qe5 61. Qf3 f6 62. Kg1 f5 63. gxf5 gxf5 64. exf5 Kf6 65. Qd3 d5 66. Kg2 Qxf5 67. Qxf5+ Kxf5 68. Kf3 h5 69. Ke3 h4 70. Kd4 Kf4 71. Kxd5 Kf3 72. Kd4 Kg2 73. Ke4 Kxf2 74. Kd3 Kg2 75. Ke2 Kg3 76. Kf1 Kxh3 77. Kg1 Kg3 78. Kh1 h3 79. Kg1 h2+ 80. Kh1 Kh3 1/2-1/2

[Event "Niederbayernliga 0506"]
[Site "Germany"]
[Date "2006.??.??"]
[Round "9"]
[White "Schubert, Werner"]
[Black "Kreuzer, Klaus"]
[Result "1/2-1/2"]
[WhiteElo "1979"]
[BlackElo "1995"]
[PlyCount "23"]
[EventDate "2005.??.??"]
[EventType "team"]
[EventRounds "9"]
[EventCountry "GER"]
[SourceTitle "EXT 2008"]
[Source "ChessBase"]
[SourceDate "2007.11.25"]
[SourceVersion "1"]
[SourceVersionDate "2007.11.25"]
[SourceQuality "1"]
[WhiteTeam "Geiselhoering"]
[BlackTeam "Ergolding"]
[WhiteTeamCountry "GER"]
[BlackTeamCountry "GER"]

1. c4 e6 2. Nc3 d5 3. d4 Nf6 4. Nf3 Be7 5. Bg5 Nbd7 6. e3 c6 7. cxd5 exd5 8. Bd3 0-0 9. 0-0 Re8 10. Qc2 Nf8 11. Bxf6 Bxf6 12. Bf5 1/2-1/2

[Event "Niederbayern-ch MK Seniors 47th"]
[Site "Aidenbach"]
[Date "2006.??.??"]
[Round "3"]
[White "Sierian, Peter"]
[Black "Kreuzer, Klaus"]
[Result "1/2-1/2"]
[WhiteElo "1718"]
[BlackElo "1989"]
[PlyCount "29"]
[EventDate "2006.??.??"]
[EventType "swiss"]
[EventRounds "7"]
[EventCountry "GER"]
[SourceTitle "EXT 2007"]
[Source "ChessBase"]
[SourceDate "2006.11.23"]
[SourceVersion "1"]
[SourceVersionDate "2006.11.23"]
[SourceQuality "1"]

1. d4 Nf6 2. c4 g6 3. Nc3 d5 4. Bg5 Ne4 5. Nxe4 dxe4 6. e3 Bg7 7. Qc2 c5 8. 0-0-0 Nc6 9. dxc5 Qa5 10. a3 0-0 11. Ne2 Bg4 12. h3 Bxe2 13. Bxe2 Qxc5 14. Rd5 Qb6 15. Rhd1 1/2-1/2

[Event "Niederbayern-ch"]
[Site "Vilshofen"]
[Date "2005.??.??"]
[Round "7"]
[White "Kreuzer, Klaus"]
[Black "Latzel, Wolfgang"]
[Result "0-1"]
[WhiteElo "2152"]
[BlackElo "2099"]
[PlyCount "76"]
[EventDate "2005.??.??"]
[EventType "swiss"]
[EventRounds "9"]
[EventCountry "GER"]
[SourceTitle "EXT 2007"]
[Source "ChessBase"]
[SourceDate "2006.11.23"]
[SourceVersion "1"]
[SourceVersionDate "2006.11.23"]
[SourceQuality "1"]

1. d4 g6 2. e4 Bg7 3. Be3 d6 4. Nc3 a6 5. Qd2 b5 6. f3 Bb7 7. Nh3 Nd7 8. Be2 c5 9. 0-0 Qc7 10. Nf2 cxd4 11. Bxd4 Ngf6 12. Ng4 h5 13. Nxf6+ Nxf6 14. Be3 Rc8 15. Rac1 Nd7 16. Nd1 0-0 17. c4 bxc4 18. Bxc4 Qb8 19. b3 Ne5 20. Nb2 Nxc4 21. Nxc4 Rfd8 22. Nb6 Rxc1 23. Rxc1 e6 24. Bg5 f6 25. Be3 d5 26. exd5 Bxd5 27. Rd1 Bf8 28. Qd3 Kf7 29. Qxa6 Qe5 30. Qa7+ Kg8 31. Nxd5 Rxd5 32. Rxd5 Qxd5 33. Qd4 Qa5 34. Qd2 Bb4 35. Qc2 Kf7 36. a4 Qe5 37. Qd3 Qa1+ 38. Kf2 Qe1# 0-1

[Event "North Bayern-ch"]
[Site "Regen"]
[Date "2004.??.??"]
[Round "4"]
[White "Kreuzer, Klaus"]
[Black "Latzel, Wolfgang"]
[Result "1/2-1/2"]
[WhiteElo "2152"]
[BlackElo "2099"]
[PlyCount "44"]
[EventDate "2004.??.??"]
[EventType "swiss"]
[EventRounds "9"]
[EventCountry "GER"]
[SourceTitle "EXT 2006"]
[Source "ChessBase"]
[SourceDate "2005.11.24"]
[SourceVersion "1"]
[SourceVersionDate "2005.11.24"]
[SourceQuality "1"]

1. Nf3 d6 2. g3 g6 3. Bg2 Bg7 4. 0-0 Nc6 5. d3 e5 6. c4 h6 7. Nc3 Be6 8. Nd2 Qd7 9. Nd5 Rb8 10. Rb1 Nce7 11. b4 c6 12. Nxe7 Nxe7 13. b5 0-0 14. a4 Bh3 15. Bxh3 Qxh3 16. Ba3 Qe6 17. Ne4 c5 18. Bb2 f5 19. Nd2 Rf7 20. e3 Rbf8 21. f3 g5 22. Qe2 Ng6 1/2-1/2